000
00207nam a22000857a 4500
008
170210b xxu||||| |||| 00| 0 eng d
100
_9
2848
_a
Trend Setters
245
_a
IT Whiz Kit
260
_a
New Delhi
_b
LTO
_c
2009
999
_c
6069
_d
6069